000 01127nam a22002777a 4500
005 2010122008348.0
008 101220t xxu||||| |||| 00| 0 eng d
010 _aENG-101837
020 _a9788132104667
_c295.00
035 _aEN-85370
037 _bDBAD/PUB
040 _adpl
_bEng
082 0 0 _a303.483
_222
100 1 _aMitra, Ananda
_d1960-
_924969
245 1 0 _aAlien technology :
_bcoping with modern mysteries /
_cby Ananda Mitra
260 _aNew Delhi
_bSAGE Publications
_c2010
270 _aB1/I-1 Mohan Cooperative Industrial Area , Mathura Road
_bNew Delhi
_e110044
300 _ax,201p.
_c22cm (pbk)
500 _aIncludes bibliographical references and index.
650 0 _aTechnological innovations
_xSocial aspects.
_924970
650 0 _aTechnological innovations
_xPsychological aspects.
_924971
650 0 _aAlienation (Social psychology)
_924972
942 _2ddc
_cEN
_h303.483
_mMIT
999 _c49326
_d49326